000 00266nam a2200109Ia 4500
008 190216s9999||||xx |||||||||||||| ||und||
100 _aChandan J.S
245 0 _aManagement Theory And Practice
260 _bVikas Publishing House
_c1999
300 _a507p
942 _cBK
999 _c5951
_d5951